10th Hunger Games Tribute Names - Statistics

General Stats
  • This quiz has been taken 22 times
  • The average score is 19 of 24
Answer Stats
Hint Answer % Correct
District 4 Female Tribute Coral
100%
District 7 Female Tribute Lamina
100%
District 3 Female Tribute Teslee
100%
District 8 Female Tribute Wovey
100%
District 10 Female Tribute Brandy
92%
District 12 Male Tribute Jessup
92%
District 12 Female Tribute Lucy Gray
92%
District 2 Male Tribute Marcus
92%
District 11 Male Tribute Reaper
92%
District 4 Male Tribute Mizzen
85%
District 5 Female Tribute Sol
85%
District 7 Male Tribute Treech
85%
District 1 Female Tribute Velvereen
85%
District 11 Female Tribute Dill
77%
District 2 Female Tribute Sabyn
77%
District 10 Male Tribute Tanner
77%
District 8 Male Tribute Bobbin
69%
District 1 Male Tribute Facet
69%
District 5 Male Tribute Hy
69%
District 3 Male Tribute Circ
62%
District 9 Male Tribute Panlo
62%
District 9 Female Tribute Sheaf
62%
District 6 Female Tribute Ginnee
54%
District 6 Male Tribute Otto
54%
No matching quizzes found
Score Distribution
Percent of People with Each Score
Percentile by Number Answered
Your Score History
You have not taken this quiz